Segmentación de mercados
Uloženo v:
| Hlavní autor: | |
|---|---|
| Médium: | Kniha |
| Jazyk: | španělština |
| Vydáno: |
Cuernavaca
McGraw-Hill
2009
|
| Vydání: | 1a. ed |
| Témata: | |
| Tagy: |
Přidat tag
Žádné tagy, Buďte první, kdo vytvoří štítek k tomuto záznamu!
|
MARC
| LEADER | 00000cam a2200000 a 4500 | ||
|---|---|---|---|
| 001 | UCH4768 | ||
| 003 | CL-VaPUC | ||
| 008 | 090903e20090000MX |||||||||||||||||spa|d | ||
| 020 | |a 9789701073421 | ||
| 082 | 0 | 4 | |a 658.8 |b FER |2 21 |
| 100 | 0 | |a Fernández Valiñas, Ricardo |e author |9 540694 | |
| 245 | 1 | 0 | |a Segmentación de mercados |
| 250 | |a 1a. ed | ||
| 300 | |a 156 p | ||
| 942 | |c BK | ||
| 945 | |d 20090903 00:00:00 |a dcastane | ||
| 260 | |a Cuernavaca |b McGraw-Hill |c 2009 | ||
| 650 | 0 | |a Marketing |9 259324 | |
| 650 | 0 | |a Planificación estratégica |9 259735 | |
| 650 | 0 | |a Finanzas |9 260832 | |
| 650 | 0 | |a Análisis de mercado |9 260838 | |
| 583 | |a last modification |c 20160826 02:53:50 |k Rodrigo Vera | ||
| 999 | |c 336036 |d 336034 | ||
| 952 | |0 0 |1 0 |4 0 |6 658_800000000000000_FER_2009 |7 0 |8 A |9 426919 |a BIBCUR |b BIBCUR |d 2019-11-22 |i 4597001 |o 658.8 FER 2009 |p 4597001 |r 2025-04-22 |w 2019-11-22 |y BK |k PER | ||
| 952 | |0 0 |1 0 |4 0 |6 658_800000000000000_FER_2009 |7 0 |8 A |9 426920 |a BIBCUR |b BIBCUR |d 2019-11-22 |i 4710347 |o 658.8 FER 2009 |p 4710347 |r 2025-04-22 |w 2019-11-22 |y BK |k PER | ||